Medzinárodná arbitráž investičných sporov podľa NAFTA

Stručný popis niekoľkých prípadov (Occidental verzus Ecuador, Metalclad verzus Mexico, Methanex verzus United States), ktoré sú názornou ilustráciou súčasného spôsobu rozhodovania medzinárodných investičných sporov.

Na minha lista:
Detalhes bibliográficos
Autor principal: Chovancová, Katarína
Formato: Capítulo de Livro
Idioma:eslovaco
Assuntos:
Tags: Adicionar Tag
Sem tags, seja o primeiro a adicionar uma tag!

MARC

LEADER 00000naa$a2200000$$$4500
001 0093068
005 20231106071002.8
041 0 |a slo 
044 |a SK 
245 1 0 |a Medzinárodná arbitráž investičných sporov podľa NAFTA  |c Katarína Chovancová 
520 |a Stručný popis niekoľkých prípadov (Occidental verzus Ecuador, Metalclad verzus Mexico, Methanex verzus United States), ktoré sú názornou ilustráciou súčasného spôsobu rozhodovania medzinárodných investičných sporov. 
610 2 0 |a rozhodovanie 
610 2 0 |a spory pracovné 
610 2 0 |a investície 
610 2 0 |a arbitráž obchodná medzinárodná 
100 1 |a Chovancová, Katarína